[Event "IND-ch U15 Girls 38th"]
[Site "New Delhi"]
[Date "2022.11.29"]
[Round "3"]
[White "Jain, Ashita"]
[Black "Rout, Yashita"]
[Result "0-1"]
[WhiteElo "1258"]
[BlackElo "1780"]
[PlyCount "148"]
[EventDate "2022.11.28"]
[EventType "swiss"]
[EventRounds "11"]
[EventCountry "IND"]
[SourceTitle "CBM 211 Extra"]
[Source "ChessBase"]
[SourceDate "2023.01.31"]
[SourceVersion "1"]
[SourceVersionDate "2023.01.31"]
[SourceQuality "1"]

1. d4 d5 2. Nf3 Nf6 3. g3 e6 4. Bg2 Be7 5. c4 0-0 6. 0-0 c6 7. Nc3 b6 8. Nd2 Ba6 9. b3 Nbd7 10. Re1 Rc8 11. e4 dxe4 12. Ndxe4 Nxe4 13. Nxe4 Nf6 14. Be3 Bb7 15. h3 Qd7 16. Qf3 Ba8 17. Rad1 Rfd8 18. Qe2 Qe8 19. c5 Nd5 20. Bd2 Bb7 21. Rc1 Nc7 22. Be3 Ba6 23. Qf3 Nd5 24. Bd2 Qf8 25. b4 Bb5 26. Qb3 Qe8 27. Qc2 Ba6 28. a3 Qd7 29. Rcd1 Qe8 30. Ng5 Nf6 31. Bf4 h6 32. Ne4 Nxe4 33. Bxe4 bxc5 34. dxc5 Bf6 35. Qb3 e5 36. Bf5 Rxd1 37. Qxd1 Rd8 38. Qc2 g6 39. Bg4 h5 40. Bf3 Qe6 41. Bg2 Bd3 42. Qc1 Qf5 43. Be3 e4 44. Rd1 Qe6 45. Bg5 Bxg5 46. Qxg5 Rd7 47. Qd2 Kh7 48. Qe3 Qb3 49. Re1 Re7 50. Qg5 Re6 51. Qf4 Kg7 52. Bxe4 Bxe4 53. Kh2 Qd5 54. Qe3 Bf5 55. Qc3+ Kh7 56. Rc1 Re2 57. Rf1 Qe6 58. Qf3 Bxh3 59. Rd1 Bg4 60. Qf4 Rxf2+ 61. Qxf2 Bxd1 62. Kg1 Bg4 63. a4 Kg8 64. Qd2 Qe5 65. Qd8+ Kg7 66. Qd3 Qe1+ 67. Kg2 Qe2+ 68. Qxe2 Bxe2 69. Kf2 Bc4 70. Ke3 Kf6 71. Kd4 Bf1 72. b5 cxb5 73. c6 bxa4 74. c7 Bh3 0-1

[Event "IND-ch U14 Girls 34th"]
[Site "Ahmedabad"]
[Date "2022.05.13"]
[Round "9"]
[White "Debapriya, Manna"]
[Black "Rout, Yashita"]
[Result "1/2-1/2"]
[WhiteElo "1384"]
[BlackElo "1718"]
[PlyCount "120"]
[EventDate "2022.05.09"]
[EventType "swiss"]
[EventRounds "11"]
[EventCountry "IND"]
[SourceTitle "EXT 2023"]
[Source "ChessBase"]
[SourceDate "2022.10.05"]
[SourceVersion "1"]
[SourceVersionDate "2022.10.05"]
[SourceQuality "1"]

1. c4 e6 2. g3 Nf6 3. Bg2 d5 4. d4 Be7 5. Nc3 0-0 6. Nf3 c6 7. 0-0 b6 8. b3 a5 9. a4 Ba6 10. cxd5 cxd5 11. Bb2 Nc6 12. Rc1 Rc8 13. Qc2 Nb4 14. Qb1 Bd6 15. Rfd1 Qe7 16. Ba3 Rfd8 17. e4 dxe4 18. Nxe4 Nxe4 19. Qxe4 Bb7 20. Qe2 Nd5 21. Bxd6 Qxd6 22. Qd2 Qa3 23. Rxc8 Rxc8 24. Qd3 Rc3 25. Qb5 Bc6 26. Qa6 Qe7 27. Ne5 Qb7 28. Qxb7 Bxb7 29. Rb1 f6 30. Nc4 Bc6 31. Bxd5 Bxd5 32. Nxb6 Rxb3 33. Rxb3 Bxb3 34. Kf1 Kf7 35. Ke2 Ke7 36. Kd3 Kd6 37. Kc3 Bd5 38. Nc4+ Bxc4 39. Kxc4 Kc6 40. f4 f5 41. h3 h6 42. h4 g6 43. Kc3 Kd5 44. Kd3 h5 45. Kc3 Ke4 46. Kc4 Kf3 47. Kc5 Kxg3 48. Kd6 Kxh4 49. Kxe6 Kg3 50. d5 h4 51. d6 h3 52. d7 h2 53. d8Q h1Q 54. Qg5+ Kf2 55. Qxg6 Qe4+ 56. Kf6 Qxf4 57. Qxf5 Ke3 58. Qxf4+ Kxf4 59. Kg6 Ke4 60. Kg5 Ke5 1/2-1/2

[Event "New Delhi op 19th"]
[Site "New Delhi"]
[Date "2022.03.25"]
[Round "5"]
[White "Karthik, Venkataraman"]
[Black "Rout, Yashita"]
[Result "1-0"]
[WhiteElo "2485"]
[BlackElo "1392"]
[PlyCount "125"]
[EventDate "2022.03.22"]
[EventType "swiss"]
[EventRounds "10"]
[EventCountry "IND"]
[SourceTitle "CBM 207 Extra"]
[Source "ChessBase"]
[SourceDate "2022.05.31"]
[SourceVersion "1"]
[SourceVersionDate "2022.05.31"]
[SourceQuality "1"]

1. b3 d5 2. Bb2 Nf6 3. g3 e6 4. Bg2 Be7 5. f4 c5 6. Nf3 Nc6 7. 0-0 0-0 8. e3 b6 9. Qe2 Bb7 10. d3 Rc8 11. c4 Qc7 12. Nc3 Rfd8 13. Rad1 a6 14. Ne5 d4 15. Bxc6 Bxc6 16. exd4 cxd4 17. Nb1 Ba8 18. Nd2 b5 19. h3 bxc4 20. bxc4 Rb8 21. Nb3 Bc5 22. Kh2 a5 23. Qf2 Qa7 24. Rb1 Bb6 25. Ba3 a4 26. Na1 Nd7 27. Nc2 Nc5 28. Qe2 f6 29. Nf3 Bxf3 30. Qxf3 Rbc8 31. Rfe1 Rd6 32. Rb5 Qc7 33. Reb1 h6 34. Qg4 f5 35. Qe2 Ba7 36. Ne1 Rc6 37. Nf3 Qd8 38. Ne5 R6c7 39. Qh5 Qf6 40. h4 Kh7 41. Kg2 Kg8 42. Kf1 Kh7 43. Ke2 Rd8 44. Qf3 Rdc8 45. h5 Qd8 46. Kd1 Qf6 47. Bb4 Qd8 48. Ba5 Qd6 49. Bxc7 Rxc7 50. g4 Nd7 51. gxf5 exf5 52. Qh3 Qf6 53. Nxd7 Rxd7 54. Qxf5+ Qxf5 55. Rxf5 Re7 56. Re5 Rf7 57. f5 Kg8 58. Ra5 Kf8 59. Rb4 Kg8 60. Rbxa4 Bb6 61. Rb5 Bc7 62. Ra8+ Kh7 63. Ra7 1-0

[Event "FISCA Online op"]
[Site "Chess.com INT"]
[Date "2020.06.21"]
[Round "3"]
[White "Samunenkov, Igor"]
[Black "Rout, Yashita"]
[Result "1-0"]
[WhiteElo "2142"]
[BlackElo "1359"]
[PlyCount "89"]
[EventDate "2020.06.19"]
[EventType "swiss"]
[EventRounds "9"]
[EventCountry "ROU"]
[SourceTitle "CBM 197 Extra"]
[Source "ChessBase"]
[SourceDate "2020.09.30"]
[SourceVersion "1"]
[SourceVersionDate "2020.09.30"]
[SourceQuality "1"]

1. e4 e5 2. Nf3 Nc6 3. Bb5 a6 4. Ba4 Nf6 5. 0-0 Be7 6. Re1 b5 7. Bb3 d6 8. a4 Bb7 9. d3 0-0 10. Nbd2 Nb8 11. c3 Nbd7 12. Bc2 Re8 13. d4 Bf8 14. b4 g6 15. Bb2 Bg7 16. dxe5 Nxe5 17. Nxe5 dxe5 18. Qe2 Bc6 19. Nb3 Qe7 20. Ba3 Bd7 21. Nc5 c6 22. c4 bxa4 23. Bxa4 Qd8 24. Red1 Qc7 25. Nxd7 Nxd7 26. c5 Bf8 27. Qc4 Kg7 28. Bb3 Nf6 29. Bb2 Qb7 30. Bc3 h6 31. g3 g5 32. Rf1 Qc7 33. f4 gxf4 34. gxf4 Qd7 35. Ra2 Qe6 36. Rg2+ Kh7 37. fxe5 Qxc4 38. Bxc4 Ng8 39. Rxf7+ Kh8 40. Rb7 Bg7 41. Rbxg7 Rad8 42. e6 Rd1+ 43. Kf2 Rf8+ 44. Rf7+ Nf6 45. Bxf6# 1-0

[Event "Mumbai Wealth U13 op 5th"]
[Site "Mumbai"]
[Date "2020.01.06"]
[Round "8"]
[White "Sai, Mahati A"]
[Black "Rout, Yashita"]
[Result "0-1"]
[WhiteElo "1545"]
[BlackElo "1329"]
[PlyCount "66"]
[EventDate "2019.12.30"]
[EventType "swiss"]
[EventRounds "9"]
[EventCountry "IND"]
[SourceTitle "CBM 194 Extra"]
[Source "ChessBase"]
[SourceDate "2020.03.31"]
[SourceVersion "1"]
[SourceVersionDate "2020.03.31"]
[SourceQuality "1"]

1. d4 d5 2. c4 e6 3. cxd5 exd5 4. Nc3 Nf6 5. Bg5 Be7 6. e3 Nbd7 7. Nf3 c6 8. Bd3 0-0 9. 0-0 Re8 10. a3 Nf8 11. b4 a6 12. Rb1 Ne6 13. Bh4 g6 14. a4 Ng7 15. b5 axb5 16. axb5 Bf5 17. bxc6 bxc6 18. Ne5 Qc8 19. Na4 Qc7 20. Qc2 Bxd3 21. Nxd3 Nf5 22. Bxf6 Bxf6 23. Nac5 Nd6 24. Nb4 Rec8 25. Nca6 Qd7 26. Rfc1 Nc4 27. Qd3 Be7 28. Rxc4 dxc4 29. Qxc4 Bxb4 30. Nxb4 Rab8 31. h3 Qd6 32. Qa6 Rc7 33. Qa5 Rcb7 0-1

[Event "Mumbai Wealth op U13 4th"]
[Site "Mumbai"]
[Date "2019.01.01"]
[Round "3"]
[White "Bagwe, Gaurang"]
[Black "Rout, Yashita"]
[Result "1-0"]
[WhiteElo "1768"]
[BlackElo "1264"]
[PlyCount "71"]
[EventDate "2018.12.30"]
[EventType "swiss"]
[EventRounds "9"]
[EventCountry "IND"]
[SourceTitle "CBM 188 Extra"]
[Source "ChessBase"]
[SourceDate "2019.02.26"]
[SourceVersion "1"]
[SourceVersionDate "2019.02.26"]
[SourceQuality "1"]

1. e4 e5 2. Nf3 Nc6 3. Bb5 a6 4. Ba4 Nf6 5. d3 b5 6. Bb3 Be7 7. c3 d6 8. Nbd2 0-0 9. Nf1 Bb7 10. Ng3 Qd7 11. Nf5 Bd8 12. 0-0 Ne7 13. N3h4 Nxf5 14. Nxf5 Re8 15. Qf3 Kh8 16. Qg3 Rg8 17. f4 exf4 18. Bxf4 d5 19. Rad1 Nh5 20. Qh3 Nxf4 21. Rxf4 Qe6 22. exd5 Bxd5 23. c4 Qb6+ 24. Kh1 Be6 25. c5 Qxc5 26. d4 Qb6 27. d5 Bxf5 28. Rxf5 Qg6 29. d6 Rf8 30. Bc2 Bf6 31. dxc7 Rac8 32. Rf2 Qh6 33. Qxh6 gxh6 34. Rxf6 Kg7 35. Rc6 f6 36. Bf5 1-0

[Event "Wch U08 Girls"]
[Site "Batumi"]
[Date "2016.10.29"]
[Round "10"]
[White "Rout, Yashita"]
[Black "Guid, Taja"]
[Result "1-0"]
[WhiteElo "1105"]
[BlackElo "1259"]
[PlyCount "91"]
[EventDate "2016.10.19"]
[EventType "swiss"]
[EventRounds "11"]
[EventCountry "GEO"]
[SourceTitle "CBM 175 Extra"]
[Source "ChessBase"]
[SourceDate "2016.12.12"]
[SourceVersion "1"]
[SourceVersionDate "2016.12.12"]
[SourceQuality "1"]

1. e4 c5 2. Nc3 e6 3. f4 Nc6 4. Nf3 d5 5. exd5 exd5 6. Bb5 Nf6 7. d4 a6 8. Bxc6+ bxc6 9. Qe2+ Qe7 10. Qxe7+ Bxe7 11. Be3 Ng4 12. Bg1 f6 13. h3 Nh6 14. dxc5 0-0 15. 0-0-0 Bb7 16. Nd4 Rfe8 17. Ne6 Rac8 18. Na4 Bd8 19. Nxd8 Rcxd8 20. Nc3 Nf5 21. Bf2 d4 22. Nb1 Ne3 23. Bxe3 dxe3 24. Rxd8 Rxd8 25. Re1 Re8 26. Nc3 a5 27. Ne2 Ba6 28. Nd4 Bb5 29. b3 Re4 30. Nxb5 cxb5 31. g3 Kf8 32. c3 Ke7 33. Kc2 Ke6 34. Kd3 Kd5 35. Rxe3 Rxe3+ 36. Kxe3 Ke6 37. Ke4 f5+ 38. Kd4 Kd7 39. Kd5 Kc7 40. c6 h6 41. h4 g6 42. Kc5 b4 43. cxb4 axb4 44. Kb5 h5 45. Kc5 Kc8 46. Kxb4 1-0

[Event "Wch U08 Girls"]
[Site "Batumi"]
[Date "2016.10.27"]
[Round "8"]
[White "Zavivaeva, Evelina"]
[Black "Rout, Yashita"]
[Result "1-0"]
[WhiteElo "1254"]
[BlackElo "1105"]
[PlyCount "51"]
[EventDate "2016.10.19"]
[EventType "swiss"]
[EventRounds "11"]
[EventCountry "GEO"]
[SourceTitle "CBM 175 Extra"]
[Source "ChessBase"]
[SourceDate "2016.12.12"]
[SourceVersion "1"]
[SourceVersionDate "2016.12.12"]
[SourceQuality "1"]

1. e4 e5 2. Nf3 Nc6 3. Bc4 Bc5 4. c3 Nf6 5. d4 exd4 6. cxd4 Bb4+ 7. Bd2 Bxd2+ 8. Nbxd2 d5 9. exd5 Nxd5 10. Qb3 Nce7 11. 0-0 0-0 12. Rfe1 c6 13. a4 Nb6 14. Bxf7+ Rxf7 15. Ng5 Ned5 16. Nxf7 Kxf7 17. Ne4 Nd7 18. Nd6+ Kg6 19. Qg3+ Qg5 20. Re6+ N7f6 21. Qd3+ Kh5 22. Re5 Qxe5 23. dxe5 Ng4 24. Qxh7+ Kg5 25. h4+ Kf4 26. Qe4# 1-0

[Event "Wch U08 Girls"]
[Site "Batumi"]
[Date "2016.10.21"]
[Round "3"]
[White "Rout, Yashita"]
[Black "Shvedova, Alexandra"]
[Result "0-1"]
[WhiteElo "1105"]
[BlackElo "1576"]
[PlyCount "112"]
[EventDate "2016.10.19"]
[EventType "swiss"]
[EventRounds "11"]
[EventCountry "GEO"]
[SourceTitle "CBM 175 Extra"]
[Source "ChessBase"]
[SourceDate "2016.12.12"]
[SourceVersion "1"]
[SourceVersionDate "2016.12.12"]
[SourceQuality "1"]

1. e4 e5 2. Nf3 Nc6 3. Bb5 Nf6 4. 0-0 Nxe4 5. d4 Nd6 6. Bxc6 dxc6 7. dxe5 Nf5 8. Qxd8+ Kxd8 9. Nc3 Be7 10. Ne4 Be6 11. Bg5 b6 12. Rad1+ Ke8 13. Bxe7 Kxe7 14. a3 Rad8 15. Rfe1 Bd5 16. Nc3 Bxf3 17. gxf3 Nd4 18. Kg2 Nxc2 19. Re2 Rxd1 20. Nxd1 Nd4 21. Rd2 c5 22. Nc3 Ke6 23. f4 f6 24. exf6 Kxf6 25. Nd5+ Kf5 26. Nxc7 Kxf4 27. Nd5+ Ke5 28. Ne3 Re8 29. Nc4+ Kf4 30. Nd6 Re6 31. Nc4 Re2 32. Rxe2 Nxe2 33. Nd6 a6 34. Ne8 g6 35. Nf6 Kf5 36. Nxh7 Nf4+ 37. Kf3 Nd3 38. b3 Nc1 39. Nf8 Nxb3 40. Nd7 b5 41. Nb8 a5 42. Nc6 Nd4+ 43. Nxd4+ cxd4 44. h3 b4 45. axb4 axb4 46. Ke2 b3 47. Kd3 Kf4 48. Kd2 Kf3 49. Kc1 d3 50. h4 Ke2 51. f4 d2+ 52. Kb2 d1Q 53. f5 Qc2+ 54. Ka3 b2 55. Kb4 b1Q+ 56. Ka5 Qca2# 0-1